000 00704nam a2200265Ia 4500
003 OSt
005 20220912151321.0
006 a|||||r|||| 00| 0
007 ta
008 220909b |||||||| |||| 00| 0 eng d
024 _a26486
037 _cTextual
040 _aCSL
_beng
_cCSL
041 _aeng
082 _aC295, J83;K4;3
100 _aPrice William J
245 0 _aNuclear radiation detection
250 _a2nd
260 _aNew York
_b McGraw Hill
_c1958
300 _aix,430p.
_ccm.
490 _aMcGraw-Hill series in nuclear engineering
650 _aNuclear physics
942 _hC295, J83;K4;3
_cTEXL
_2CC
999 _c65858
_d65858